تحميل...
Techniques of attitude scale construction
| المؤلف الرئيسي: | |
|---|---|
| التنسيق: | Printed Book |
| الموضوعات: |
| LEADER | 00329 a2200097 4500 | ||
|---|---|---|---|
| 100 | |a Edwards, Allen L | ||
| 245 | |a Techniques of attitude scale construction | ||
| 650 | |a Research Methodology | ||
| 942 | |c BK |2 ddc | ||
| 999 | |c 180532 |d 180532 | ||
| 952 | |0 0 |1 0 |4 0 |7 0 |9 199824 |a EDU |b EDU |c ST1 |d 2010-10-20 |i 1983 |l 5 |p EDU1983 |r 2013-12-16 |s 2013-11-22 |w 2010-10-20 |y BK | ||